Povinnosť zostavenia mimoriadnej účtovnej závierky
Mimoriadna účtovná závierka sa zostavuje v súvislosti s mimoriadnymi dňami, či mimoriadnymi účtovnými obdobiami, ktoré trvajú väčšinou kratšie, než 12 po sebe idúcich kalendárnych mesiacov. Udalosti, ktoré determinujú povinnosť zostavenia mimoriadnej účtovnej závierky.
Guardado en:
| Autor principal: | |
|---|---|
| Formato: | Capítulo de libro |
| Lenguaje: | eslovaco |
| Materias: | |
| Etiquetas: |
Sin Etiquetas, Sea el primero en etiquetar este registro!
|
MARC
| LEADER | 00000naa$a2200000$$$4500 | ||
|---|---|---|---|
| 001 | 0075539 | ||
| 005 | 20240502071903.3 | ||
| 041 | 0 | |a slo | |
| 044 | |a SK | ||
| 245 | 1 | 0 | |a Povinnosť zostavenia mimoriadnej účtovnej závierky |c Renáta Silná |
| 520 | |a Mimoriadna účtovná závierka sa zostavuje v súvislosti s mimoriadnymi dňami, či mimoriadnymi účtovnými obdobiami, ktoré trvajú väčšinou kratšie, než 12 po sebe idúcich kalendárnych mesiacov. Udalosti, ktoré determinujú povinnosť zostavenia mimoriadnej účtovnej závierky. | ||
| 610 | 2 | 0 | |a závierka účtovná |
| 610 | 2 | 0 | |a knihy účtovné |
| 100 | 1 | |a Silná, Renáta, 1981- | |